[Event "Championnat de France - Open B"]
[Site "VAL D ISERE"]
[Date "????.??.??"]
[Round "9.6"]
[White "Marchand, Raphael"]
[Black "Guillet, Julien"]
[Result "1-0"]
[WhiteElo "1870"]
[BlackElo "1780"]
[PlyCount "41"]

1. e4 c5 2. Ne2 Nc6 3. Nbc3 Nf6 4. g3 g6 5. Bg2 Bg7 6. d3 d6 7. O-O O-O 8. h3
Bd7 9. f4 h5 10. Be3 Nh7 11. f5 Qc8 12. Nf4 gxf5 13. Qxh5 Nf6 14. Qh4 fxe4 15.
Bxe4 e5 16. Nfd5 Nxe4 17. Nxe4 f5 18. Ng5 Rf7 19. Nxf7 Kxf7 20. Qh5+ Kf8 21.
Bh6 1-0

[Event "Championnat de France - Open B"]
[Site "VAL D ISERE"]
[Date "????.??.??"]
[Round "9.7"]
[White "Scharr, Jules"]
[Black "Bessat, Remy"]
[Result "0-1"]
[WhiteElo "1860"]
[BlackElo "1958"]
[PlyCount "114"]

1. e4 c5 2. Nc3 Nc6 3. f4 g6 4. Nf3 Bg7 5. Bc4 e6 6. O-O d6 7. d3 Nge7 8. Ne2
d5 9. Bb3 dxe4 10. dxe4 Qxd1 11. Rxd1 O-O 12. c3 b6 13. Be3 Ba6 14. Kf2 Rfd8
15. g4 h6 16. Ng3 Na5 17. e5 Nc4 18. Bxc4 Bxc4 19. b3 Bd5 20. Nd2 g5 21. Nde4
gxf4 22. Bxf4 Ng6 23. Ke3 Nxe5 24. h3 c4 25. Nh5 Ng6 26. Nef6+ Kh8 27. Nxg7
Kxg7 28. Nh5+ Kh8 29. Bxh6 cxb3 30. axb3 a5 31. c4 Bc6 32. Nf6 Ne5 33. h4 a4
34. bxa4 Nxc4+ 35. Kf2 Rxd1 36. Rxd1 Bxa4 37. Rd4 Bb5 38. Rf4 Ra2+ 39. Ke1 Ne3
40. Rf2 Ng2+ 41. Rxg2 Rxg2 42. Bd2 Rg1+ 43. Kf2 Rf1+ 44. Kg3 Rd1 45. Bb4 Rd3+
46. Kf2 e5 47. h5 Bc6 48. g5 Rf3+ 49. Ke2 Rf5 50. Be7 Rxg5 51. Nd7 Rxh5 52.
Nxb6 Kg7 53. Nc8 f5 54. Bb4 Kf7 55. Nd6+ Ke6 56. Kf2 Rh2+ 57. Ke1 Rb2 0-1

[Event "Championnat de France - Open B"]
[Site "VAL D ISERE"]
[Date "????.??.??"]
[Round "9.8"]
[White "Curto, Nicolas"]
[Black "Penalver, Marion"]
[Result "0-1"]
[WhiteElo "1981"]
[BlackElo "1900"]
[PlyCount "74"]

1. g3 Nf6 2. Bg2 d5 3. c4 e6 4. d4 Bb4+ 5. Bd2 Bxd2+ 6. Nxd2 O-O 7. Ngf3 Nbd7
8. Qc2 Re8 9. e4 dxe4 10. Nxe4 e5 11. d5 Nxe4 12. Qxe4 Nc5 13. Qe2 Bg4 14. Qd2
e4 15. Nd4 Nd3+ 16. Kf1 Qf6 17. Qe3 Nxb2 18. Rc1 Nd1 19. Rxd1 Bxd1 20. h4 Bf3
21. h5 h6 22. Rh4 Qg5 23. Rf4 Qxh5 24. Kg1 Bxg2 25. Kxg2 Qg5 26. Qe2 Qg6 27.
Nf5 Re5 28. Ne3 Rae8 29. Qd2 f5 30. c5 Qf7 31. g4 Qg6 32. Kf1 fxg4 33. d6 Rxc5
34. d7 Rd8 35. Rxg4 Rg5 36. Nd5 Qa6+ 37. Ke1 Rxg4 0-1

[Event "Championnat de France - Open B"]
[Site "VAL D ISERE"]
[Date "????.??.??"]
[Round "9.9"]
[White "Benifei, Patrick"]
[Black "Medghoul, Abdel"]
[Result "1/2-1/2"]
[WhiteElo "1907"]
[BlackElo "1980"]
[PlyCount "67"]

1. e4 d6 2. d4 Nf6 3. Bd3 c6 4. Nf3 Bg4 5. h3 Bh5 6. c3 e6 7. Be3 Qb6 8. Qc2
Nbd7 9. d5 Nc5 10. Bxc5 dxc5 11. dxe6 O-O-O 12. Nbd2 Bg6 13. Ne5 fxe6 14. Nxg6
hxg6 15. O-O-O Be7 16. Bc4 e5 17. Nf3 Qc7 18. Rxd8+ Rxd8 19. Rd1 Rxd1+ 20. Kxd1
Qd6+ 21. Ke1 b5 22. Bf7 Nh5 23. Qd2 Qf6 24. Be8 Qe6 25. Nxe5 Qxe5 26. Qd7+ Kb8
27. Qxc6 Qd6 28. Qxb5+ Qb6 29. Qd7 Bf6 30. Bf7 Nf4 31. g3 Bxc3+ 32. Kd1 Qxb2
33. Qd6+ Kb7 34. Qd7+ 1/2-1/2

[Event "Championnat de France - Open B"]
[Site "VAL D ISERE"]
[Date "????.??.??"]
[Round "9.10"]
[White "Imperor, Michel"]
[Black "Beurier, Benoit"]
[Result "1/2-1/2"]
[WhiteElo "1957"]
[BlackElo "1890"]
[PlyCount "45"]

1. d4 Nf6 2. Nf3 e6 3. c4 c5 4. Nc3 cxd4 5. Nxd4 d5 6. cxd5 Nxd5 7. Bd2 e5 8.
Nf3 Nc6 9. a3 Nxc3 10. Bxc3 Qxd1+ 11. Rxd1 f6 12. e4 Be6 13. Nd2 O-O-O 14. Bc4
Bxc4 15. Nxc4 Rxd1+ 16. Kxd1 Bc5 17. f3 Rd8+ 18. Kc2 b5 19. Na5 Nd4+ 20. Bxd4
Rxd4 21. Rd1 Rxd1 22. Kxd1 Kc7 23. Kc2 1/2-1/2

[Event "Championnat de France - Open B"]
[Site "VAL D ISERE"]
[Date "????.??.??"]
[Round "9.17"]
[White "Castel, Efflam"]
[Black "Charpentier, Denis"]
[Result "1/2-1/2"]
[WhiteElo "1610"]
[BlackElo "1909"]
[PlyCount "31"]

1. d4 f5 2. c4 Nf6 3. Nc3 e6 4. Nf3 Be7 5. Bg5 b6 6. e3 Bb7 7. Bd3 d6 8. Qe2
Ne4 9. Bxe7 Qxe7 10. O-O Nd7 11. Nd2 Nxd2 12. Qxd2 O-O 13. e4 fxe4 14. Bxe4
Bxe4 15. Nxe4 Nf6 16. Nxf6+ 1/2-1/2

[Event "Championnat de France - Open B"]
[Site "VAL D ISERE"]
[Date "????.??.??"]
[Round "9.39"]
[White "Dupitier, Mickael"]
[Black "Loukachev, Nikita"]
[Result "1-0"]
[WhiteElo "1860"]
[BlackElo "1750"]
[PlyCount "21"]

1. e4 c5 2. Nc3 Nc6 3. f4 g6 4. Nf3 e6 5. Bc4 Bg7 6. O-O Nge7 7. d3 O-O 8. f5
exf5 9. Qe1 Nd4 10. Qh4 fxe4 11. Ng5 1-0

[Event "Championnat de France - Open B"]
[Site "VAL D ISERE"]
[Date "????.??.??"]
[Round "9.56"]
[White "Carivenc, Thierry"]
[Black "Schutz, Vincent"]
[Result "1-0"]
[WhiteElo "1810"]
[BlackElo "1770"]
[PlyCount "45"]

1. d4 d5 2. Nf3 Nf6 3. e3 c6 4. c4 e6 5. Nc3 Nbd7 6. b3 Bd6 7. Bb2 O-O 8. Bd3
e5 9. dxe5 Nxe5 10. Nxe5 Bxe5 11. O-O dxc4 12. Bxc4 Qc7 13. Qc2 Bxh2+ 14. Kh1
Bd6 15. Ne4 Nxe4 16. Qxe4 Bd7 17. Bd3 f5 18. Bc4+ Kh8 19. Qd4 Be8 20. f4 Bh5
21. Kg1 Rad8 22. Qc3 Be7 23. Qxg7# 1-0

[Event "Championnat de France - Open B"]
[Site "VAL D ISERE"]
[Date "????.??.??"]
[Round "9.60"]
[White "Forest, Eric"]
[Black "Meaudre, Flora"]
[Result "0-1"]
[WhiteElo "1700"]
[BlackElo "1800"]
[PlyCount "40"]

1. c4 e5 2. Nc3 Nc6 3. g3 Nf6 4. Bg2 Bc5 5. e3 O-O 6. Nge2 d6 7. a3 a5 8. O-O
Rb8 9. Qa4 Bd7 10. Nb5 d5 11. cxd5 Na7 12. Nec3 Nxb5 13. Nxb5 Qe8 14. Qc4 Bxb5
15. Qxc5 Bxf1 16. Kxf1 Qa4 17. Bf3 e4 18. Be2 Rfc8 19. Qc3 Nxd5 20. Qe5 Nf6 0-1